LEADER 00664nam0-22002411i-450- 001 990002761850403321 035 $a000276185 035 $aFED01000276185 035 $a(Aleph)000276185FED01 035 $a000276185 100 $a20000920d1968----km-y0itay50------ba 101 0 $aENG 200 1 $aProbability for management decisions.$fby William R. King. 210 $aNew York$cWiley$d1968 700 1$aKing,$bWilliam R.$0103928 801 0$aIT$bUNINA$gRICA$2UNIMARC 901 $aBK 912 $a990002761850403321 952 $a1-4-31$b3052 tic$fECA 959 $aECA 996 $aProbability for management decisions$9422333 997 $aUNINA DB $aING01